| 000 | 01241nab a22002417a 4500 | ||
|---|---|---|---|
| 999 |
_c6457 _d6457 |
||
| 003 | OSt | ||
| 005 | 20260205101024.0 | ||
| 008 | 190429b xxu||||| |||| 00| 0 spa d | ||
| 040 | _cPJ | ||
| 100 |
_93063 _aRiquert, Marcelo A. |
||
| 245 | 1 | 0 |
_aDiscursos de odio, inteligencia artificial e intervención penal / _cMarcelo A. Riquert. |
| 260 |
_cCiudad Autónoma de Buenos Aires : _aThomson Reuters La Ley, _b2024. |
||
| 300 | _ap. 141-158 | ||
| 500 | _aCita: TR LALEY AR/DOC/806/2024. | ||
| 505 | _aSumario: I. Introducción.— II. Las fake news.— III. Los discursos de odio.— IV. Alternativas para normativizar.— V. Fake news, discursos de odio y libertad de expresión.— VI. IA al servicio de la detección/prevención y de la reproducción/multiplicación.— VII. Observaciones finales. | ||
| 505 | _tSi te interesa el texto completo, solicitalo a koha@justierradelfuego.gov.ar | ||
| 650 | 0 |
_9343 _aDERECHO PENAL |
|
| 650 | 0 |
_9278 _aDELITOS INFORMATICOS |
|
| 650 | 0 |
_96081 _aCIENCIA Y TECNOLOGÍA |
|
| 650 | 0 |
_95817 _aINTELIGENCIA ARTIFICIAL |
|
| 773 | 0 |
_02658 _93164 _tRevista de derecho penal y criminología. Nº 4 - Mayo 2024 _dCiudad Autónoma de Buenos Aires : Thomson Reuters La Ley, 2017- _x00347914 |
|
| 942 |
_2udc _cANA |
||